• 首页
  • 本馆介绍
  • 公告通知
  • 最新文献
  • 馆藏检索
  • 电子资源
  • 读者导购
  • 参考咨询
  • 我的图书馆
  • 登录
  • 详细信息显示
  • 放入我的书架
  • 预约/预借图书
  • 作者相关作品
  • 分类相关作品
  • 丛书相关作品
  • 出版社相关作品

书目信息

  • 表格格式
  • 工作单格式
  • 卡片格式
题名:
外国新闻史
    
 
作者: 李磊, 著
分册:  
出版信息: 北京   中国人民大学出版社  2018
页数: 331页
开本: 26cm
丛书名: 新传媒时代新闻传播学系列教材
单 册:
中图分类: G219.19-43
科图分类:
主题词: 新闻事业史--xin wen shi ye shi--外国--教材
电子资源:
ISBN: 978-7-300-17516-4
000 01282cam 2200289 45
001 012001004840
005 20140125132839.0
010    @a978-7-300-17516-4@dCNY39.80
099    @aCAL 012013101196
100    @a20130906d2013 em y0chiy50 ea
101 0  @achi
102    @aCN@b110000
105    @ay a 000yy
106    @ar
200 1  @a外国新闻史@Awai guo xin wen shi@d= History of foreign journalism@f李磊著@zeng
210    @a北京@c中国人民大学出版社@d2018
215    @a331页@d26cm
225 2  @a新传媒时代新闻传播学系列教材@Axin chuan mei shi dai xin wen chuan bo xue xi lie jiao cai@i新闻学核心课程@v02
320    @a有书目 (第330-331页)
330    @a本书以封建集权时期、资本主义转型时期、资本主义市场竞争时期和社会主义时期典型化国家的新闻传播史发展脉络为经, 以新闻媒介发展史为纬, 采撷世界各国丰富的新闻历史资料, 糅合相关国家独特的历史背景, 选取宽广的社会史视野, 详略得当、科学合理地介绍与分析了人类新闻传播史的一般性发展规律和各国特殊化发展模式。
410  0 @12001@a新传媒时代新闻传播学系列教材@i新闻学核心课程@v02
510 1  @aHistory of foreign journalism@zeng
606 0  @a新闻事业史@Axin wen shi ye shi@y外国@j教材
690    @aG219.19-43@v5
701  0 @a李磊,@Ali lei@f1959-@4著
801  0 @b江苏凤凰@c20191020
905    @b1239571-4@dG219.19-43@e912@f4
    
    外国新闻史= History of foreign journalism/李磊著.-北京:中国人民大学出版社,2018
    331页;26cm.-(新传媒时代新闻传播学系列教材.新闻学核心课程;02)
    
    
    ISBN 978-7-300-17516-4:CNY39.80
    本书以封建集权时期、资本主义转型时期、资本主义市场竞争时期和社会主义时期典型化国家的新闻传播史发展脉络为经, 以新闻媒介发展史为纬, 采撷世界各国丰富的新闻历史资料, 糅合相关国家独特的历史背景, 选取宽广的社会史视野, 详略得当、科学合理地介绍与分析了人类新闻传播史的一般性发展规律和各国特殊化发展模式。
●
相关链接 在E读中查询图书 在五车中查询图书 在当当中查询图书 在豆瓣中查询图书


正题名:外国新闻史     索取号:G219.19-43/912         预约/预借

序号 登录号 条形码 馆藏地/架位号 状态 备注
1 1239571   212395718   第一样本阅览室/ [索取号:G219.19-43/912] 在馆    
2 1239572   212395727   教育系资料室/ [索取号:G219.19-43/912] 在馆    
3 1239573   212395736   教育系资料室/ [索取号:G219.19-43/912] 在馆    
4 1239574   212395745   第四借阅区/ [索取号:G219.19-43/912] 在馆    
唐山师范学院图书馆 欢迎您!
大连网信软件有限公司© 版权所有